Michael Polanyi : (Record no. 118940)
[ view plain ]
| 000 -LEADER | |
|---|---|
| fixed length control field | 02934pam a22003254a 4500 |
| 001 - CONTROL NUMBER | |
| control field | 5348353 |
| 003 - CONTROL NUMBER IDENTIFIER | |
| control field | ARRUPE |
| 005 - DATE AND TIME OF LATEST TRANSACTION | |
| control field | 20131203131956.0 |
| 008 - FIXED-LENGTH DATA ELEMENTS--GENERAL INFORMATION | |
| fixed length control field | 040507s2005 nyuaf b 001 0beng |
| 010 ## - LIBRARY OF CONGRESS CONTROL NUMBER | |
| LC control number | 2004010795 |
| 015 ## - NATIONAL BIBLIOGRAPHY NUMBER | |
| National bibliography number | GBA518012 |
| Source | bnb |
| 016 7# - NATIONAL BIBLIOGRAPHIC AGENCY CONTROL NUMBER | |
| Record control number | 013124207 |
| Source | Uk |
| 020 ## - INTERNATIONAL STANDARD BOOK NUMBER | |
| International Standard Book Number | 019517433X (hardcover : alk. paper) |
| 035 ## - SYSTEM CONTROL NUMBER | |
| System control number | (OCoLC)ocm55220373 |
| 035 ## - SYSTEM CONTROL NUMBER | |
| System control number | (NNC)5348353 |
| 040 ## - CATALOGING SOURCE | |
| Original cataloging agency | DLC |
| Transcribing agency | DLC |
| Modifying agency | YDX |
| -- | UKM |
| -- | OrLoB-B |
| 042 ## - AUTHENTICATION CODE | |
| Authentication code | pcc |
| 050 00 - LIBRARY OF CONGRESS CALL NUMBER | |
| Classification number | B945.P584 |
| Item number | S365 2004 |
| 082 00 - DEWEY DECIMAL CLASSIFICATION NUMBER | |
| Classification number | 192 |
| -- | B |
| Edition number | 22 |
| 300 ## - PHYSICAL DESCRIPTION | |
| Other physical details | ill. ; |
| Dimensions | 25 cm. |
| 100 1# - MAIN ENTRY--PERSONAL NAME | |
| Personal name | Scott, William T. |
| Fuller form of name | (William Taussig), |
| Dates associated with a name | 1916- |
| 9 (RLIN) | 4709 |
| 245 10 - TITLE STATEMENT | |
| Title | Michael Polanyi : |
| Remainder of title | scientist and philosopher / |
| Statement of responsibility, etc | William Taussig Scott and Martin X. Moleski. |
| 260 ## - PUBLICATION, DISTRIBUTION, ETC. (IMPRINT) | |
| Place of publication, distribution, etc | Oxford [England] ; |
| -- | New York : |
| Name of publisher, distributor, etc | Oxford University Press, |
| Date of publication, distribution, etc | 2005. |
| 300 ## - PHYSICAL DESCRIPTION | |
| Extent | xx, 364 p., [10] p. of plates : |
| 504 ## - BIBLIOGRAPHY, ETC. NOTE | |
| Bibliography, etc | Includes bibliographical references (p. [297]-350) and index. |
| 520 1# - SUMMARY, ETC. | |
| Summary, etc | "Michael Polanyi was one of the great figures of European intellectual life in the twentieth century: An acclaimed physical chemist in the first period of his career, Polanyi became a celebrated philosopher after World War II. He taught in Germany, England, and the United States and associated with many of the leading intellects of his time." "As he witnessed the great wars and social revolutions of the twentieth century, Polanyi realized that the misleading ideals of objectivity derived from science were poisoning society at large. Polanyi was so convinced of the need to set things right that he left the laboratory and embarked on a career in economics, social analysis, and philosophy to discover and affirm the foundation of personal knowledge on which authentic science and humane societies are based. Theologians and religious thinkers were among the first to appreciate his philosophical ideas and in his late writing Polanyi tried more directly to discuss religion and religious knowledge, generating much scholarly debate. He was convinced that his philosophy of science would support a renewal of the religious and ethical traditions on which Western civilization depends." "The late William Taussig Scott spent seventeen years investigating Polanyi's work in science and the humanities, chasing down every source, and even studying Polanyi's native Hungarian in an effort to prepare himself to write this biography. He conducted some 125 interviews with people who knew Polanyi well - family, colleagues, and friends - and pursued research in Budapest, Berlin, Karlsruhe, Manchester, New York, Oxford, and Chicago, in Hungarian, German, and English. Following Scott's death, Martin X. Moleski, S.J., brought the project to completion. This long-awaited volume will be the definitive resource on Polanyi and his work."--BOOK JACKET. |
| 600 10 - SUBJECT ADDED ENTRY--PERSONAL NAME | |
| Personal name | Polanyi, Michael, |
| Dates associated with a name | 1891-1976. |
| 9 (RLIN) | 4710 |
| 700 1# - ADDED ENTRY--PERSONAL NAME | |
| Personal name | Moleski, Martin X., |
| Dates associated with a name | 1952- |
| 9 (RLIN) | 4711 |
| 900 ## - EQUIVALENCE OR CROSS-REFERENCE-PERSONAL NAME [LOCAL, CANADA] | |
| Numeration | TOC |
| 942 ## - ADDED ENTRY ELEMENTS (KOHA) | |
| Source of classification or shelving scheme | Library of Congress Classification |
| Koha item type | Monograph ( Printed materials) |
| Withdrawn status | Lost status | Source of classification or shelving scheme | Damaged status | Not for loan | Home library | Current library | Shelving location | Date acquired | Total Checkouts | Full call number | Barcode | Date last seen | Price effective from | Koha item type |
|---|---|---|---|---|---|---|---|---|---|---|---|---|---|---|
| Library of Congress Classification | ARRUPE LIBRARY | ARRUPE LIBRARY | Main Collection | 03/12/2013 | B945.P584 S365 2004 | 464123674 | 03/12/2013 | 03/12/2013 | Monograph ( Printed materials) |